000
00332nam a2200169Ia 4500
100
_a
Sindhu/P.S
650
_a
Chemistry
250
_a
2
942
_c
BK
366
_f
20
245
_a
Environmental Chemistry
260
_b
New Age Int (P) Ltd
_c
2010
082
_b
SIN
300
_a
404
546
_a
ENGLISH
999
_c
33914
_d
33914